000
00235nam a2200097Ia 4500
001
705812
005
20250826162437.0
008
250824s9999 xx 000 0 und d
245
0
_a
BUSTAN
_c
SA Dİ-Yİ ŞİRAZİ
260
_b
ŞULE YAYINLARI
999
_c
705812
_d
705812